Tabla de comparación de alimentos para uso práctico / (Record no. 82352)

MARC details
000 -LEADER
campo de control de longitud fija 00959nam a2200265 i 4500
001 - NÚMERO DE CONTROL
campo de control 82352
003 - IDENTIFICADOR DE NÚMERO DE CONTROL
campo de control ES-MaACL
005 - FECHA Y HORA DE LA ÚLTIMA TRANSACCIÓN
campo de control 20230906174647.0
007 - CAMPO FIJO DE DESCRIPCIÓN FÍSICA--INFORMACIÓN GENERAL
campo de control de longitud fija t|
008 - DATOS DE LONGITUD FIJA--INFORMACIÓN GENERAL
campo de control de longitud fija 041110s1954 ve ||||1| spa d
100 1# - ENTRADA PRINCIPAL--NOMBRE DE PERSONA
Nombre de persona Ibarra, Carmen.
9 (RLIN) 64954
245 10 - MENCIÓN DEL TÍTULO
Título Tabla de comparación de alimentos para uso práctico /
Mención de responsabilidad, etc. por Carmen de Ibarra ; supervisión por Werner Jaffé y J.M. Bengoa.
260 ## - PUBLICACIÓN, DISTRIBUCIÓN, ETC.
Lugar de publicación, distribución, etc. Caracas :
Nombre del editor, distribuidor, etc. [s.n.,
Fecha de publicación, distribución, etc. 1954] (
Fabricante Excelsior)
300 ## - DESCRIPCIÓN FÍSICA
Extensión 24 p. ;
Dimensiones 23 cm.
490 1# - MENCIÓN DE SERIE
Mención de serie Serie del volador
500 ## - NOTA GENERAL
Nota general Ministerio de Sanidad y Asistencia Social. Instituto Nacional de Nutrición.
500 ## - NOTA GENERAL
Nota general Es el cuaderno 17.
700 1# - ENTRADA AGREGADA--NOMBRE PERSONAL
Nombre de persona Jaffé, Werner.
9 (RLIN) 65916
700 1# - ENTRADA AGREGADA--NOMBRE PERSONAL
Nombre de persona Bengoa, J. M.
9 (RLIN) 27566
710 1# - ENTRADA AGREGADA--NOMBRE DE ENTIDAD CORPORATIVA
Nombre de entidad corporativa o nombre de jurisdicción como elemento de entrada Venezuela.
Unidad subordinada Ministerio de Sanidad y Asistencia Social.
9 (RLIN) 7550
710 1# - ENTRADA AGREGADA--NOMBRE DE ENTIDAD CORPORATIVA
Nombre de entidad corporativa o nombre de jurisdicción como elemento de entrada Instituto Nacional de Nutrición (Venezuela)
9 (RLIN) 5178
830 0# - PUNTO DE ACCESO ADICIONAL DE SERIE-TÍTULO UNIFORME
Título uniforme Serie del volador
9 (RLIN) 181075
852 ## - LOCALIZACIÓN
Ubicación ES-MaACL
Número de control de estantería 2006-F-5
Sublocalización o colección R.40004
Holdings
Estatus retirado Estado de pérdida Estado de daño No para préstamo Colección Biblioteca de origen Biblioteca actual Ubicación en estantería Fecha de adquisición Fuente de adquisición Total de préstamos Signatura topográfica completa Código de barras Visto por última vez Precio de reemplazo Tipo de ítem Koha
        Colección de folletos Biblioteca del Ateneo de Madrid Biblioteca del Ateneo de Madrid Depósito folletos 17/01/2008     2006-F-5 1086068 23/02/2023 23/02/2023 Folleto